00465nam a22001457a 450000500170000000800410001702000150005804100130007308200150008610000390010124500680014026000550020830000300026365000260029320231103072608.0231103b |||||||| |||| 00| 0 eng d a0409026921 aEnglish  a346.6 EIS  aEiselen, S and Pienaar, GlEnglish aUnjustified Enrichment - A Casebook /cS Eiselen and G Pienaar  aDurban : bButterworth Publisher (Pty) Ltd, c1993 bxv, 658 pages ; c25 cm.  aLegal practice bLaw